Logo BPK

Biblioteka

Politechniki Koszalińskiej

Katalogowanie książek i wydawnictw ciągłych w formacie USMARC : (Rekord nr 37004)

Szczegóły MARC
000 -ETYKIETA REKORDU
podpole kontrolne o stałej długości 01470nam a2200325 i 4500
001 - NUMER KONTROLNY REKORDU
pole kontrolne bg
020 ## - MIĘDZYNARODOWY ZNORMALIZOWANY NUMER KSIĄŻKI - ISBN
ISBN 8385778772
040 ## - ŹRÓDŁO KATALOGOWANIA
Instytucja, która utworzyła rekord BPK
041 0# - KOD JĘZYKA
Kod języka tekstu pl
080 ## - UNIWERSALNA KLASYFIKACJA DZIESIĘTNA - UKD
UKD 025.3:004.6](083.1)
920 ## - Międzynarodowy znormalizowany numer książki – ISBN
ISBN 83-85778-77-2
008 - POLE O STAŁEJ DŁUGOŚCI - DANE KONTROLNE
podpole kontrolne o stałej długości s pl f |000 0 pol
245 00 - TYTUŁ/ODPOWIEDZIALNOŚĆ
Tytuł Katalogowanie książek i wydawnictw ciągłych w formacie USMARC :
Ciąg dalszy tytułu poradnik /
Pozostałe elementy strefy tytułu i oznaczenia odpowiedzialności oprac. Jadwiga Kosek [et al.] ; pod red. Marii Lenartowicz i Anny Paluszkiewicz ; Stowarzyszenie Bibliotekarzy Polskich, Centrum Formatów i Kartotek Haseł Wzorcowych.
246 11 - WARIANT TYTUŁU
Tytuł Cataloguing of books and serials using USMARC format
260 ## - STREFA ADRESU WYDAWNICZEGO
Miejsce wydania Warszawa :
Nazwa wydawcy/dystrybutora Wydaw. SBP,
Data publikacji, dystrybucji/powstania dokumentu 1997.
300 ## - STREFA OPISU FIZYCZNEGO
Objętość 91, [1] s. :
Inne cechy fizyczne err. ;
Rozmiary 24 cm.
490 1# - STREFA SERII I DOKUMENTU WIELOCZĘŚCIOWEGO - FORMA NIE DO WYSZUKIWANIA
Tytuł i oznaczenie odpowiedzialności serii Propozycje i Materiały / Stowarzyszenie Bibliotekarzy Polskich / Polish Librarians Association =
-- Contributions and Materials ;
Numeracja w obrębie serii 13
500 ## - UWAGI OGÓLNE
Tekst uwagi Tyt. równol. : Cataloguing of books and serials using USMARC format : guide.
504 ## - UWAGA DOTYCZĄCA BIBLIOGRAFII
Informacje o bibliografii Bibliogr. s. 91.
630 09 - HASŁO PRZEDMIOTOWE W FORMIE TYTUŁU UJEDNOLICONEGO
Tytuł ujednolicony MARC
650 #9 - HASŁO PRZEDMIOTOWE W FORMIE NAZWY OGÓLNEJ LUB JEDNOSTKOWEJ
Nazwa ogólna lub geograficzna Opis bibliograficzny
Określnik ogólny automatyzacja
655 ## - TERMIN INDEKSOWY - OKREŚLENIE RODZAJU/FORMY DOKUMENTU
Określenie rodzaju/formy dokumentu Poradniki
700 1# - HASŁO DODATKOWE - NAZWA OSOBOWA
Nazwa osobowa KOSEK, Jadwiga.
Określenie związku między hasłem a opisywanym materiałem op
700 1# - HASŁO DODATKOWE - NAZWA OSOBOWA
Nazwa osobowa LENARTOWICZ, Maria
Daty związane z nazwą (1925- ).
Określenie związku między hasłem a opisywanym materiałem rd
700 1# - HASŁO DODATKOWE - NAZWA OSOBOWA
Nazwa osobowa PALUSZKIEWICZ, Anna
Daty związane z nazwą (1941- ).
Określenie związku między hasłem a opisywanym materiałem rd
710 #0 - HASŁO DODATKOWE - NAZWA CIAŁA ZBIOROWEGO
Nazwa ciała zbiorowego lub jednostki geograficznej Stowarzyszenie Bibliotekarzy Polskich (Warszawa)
710 #0 - HASŁO DODATKOWE - NAZWA CIAŁA ZBIOROWEGO
Nazwa ciała zbiorowego lub jednostki geograficznej Biblioteka Uniwersytecka (Warszawa)
Nazwa jednostki podrzędnej Centrum Formatów i Kartotek Haseł Wzorcowych
830 #0 - HASŁO DODATKOWE SERII LUB DOKUMENTU WIELOCZĘŚCIOWEGO - TYTUŁ UJEDNOLICONY
Tytuł ujednolicony Propozycje i Materiały (Stowarzyszenie Bibliotekarzy Polskich) ;
Oznaczenie tomu 13
856 ## - LOKALIZACJA I DOSTĘP DO ELEKTRONICZNYCH DOKUMENTÓW ZDALNYCH
Link (URL) http://koha.tu.koszalin.pl/cgi-bin/koha/opac-detail.pl?biblionumber=37004
Tekst linku Katalog online BPK
942 ## - DODATKOWE ELEMENTY (KOHA)
Typ dokumentu Książka
Egzemplarze
Wycofany Status egzemplarza Uszkodzony Dostępność Lokalizacja stała Lokalizacja bieżąca Miejsce przechowywania Sygnatura Kod kreskowy Dział Typ dokumentu Uwaga przeznaczona na użytek publiczny
      Tylko na miejscu Biblioteka Politechniki Koszalińskiej Biblioteka Politechniki Koszalińskiej Zbiory Wewnętrzne 52577 01485714   Książka HUM-EK
© 2023 Biblioteka Politechniki Koszalińskiej :: KOHA